[Event "Karl Mala Memorial op 10th"]
[Site "Griesheim"]
[Date "2006.07.22"]
[Round "4"]
[White "Khasin, Daniel"]
[Black "Mayer, Frank1"]
[Result "1/2-1/2"]
[WhiteElo "1867"]
[BlackElo "2078"]
[PlyCount "51"]
[EventDate "2006.07.20"]
[EventType "swiss"]
[EventRounds "7"]
[EventCountry "GER"]
[SourceTitle "CBM 113 Extra"]
[Source "ChessBase"]
[SourceDate "2006.09.14"]
[SourceVersion "1"]
[SourceVersionDate "2006.09.14"]
[SourceQuality "1"]

1. e4 e6 2. d4 d5 3. Nc3 Bb4 4. e5 c5 5. a3 Bxc3+ 6. bxc3 Ne7 7. h4 Qa5 8. Bd2 Qa4 9. Nf3 b6 10. Qb1 Ba6 11. Qb3 Qc6 12. Bxa6 Nxa6 13. 0-0 h6 14. a4 0-0 15. Qb1 Nb8 16. Qc1 Kh7 17. g4 Nd7 18. Nh2 Rac8 19. Ra2 cxd4 20. cxd4 Qc4 21. Qb2 Nc6 22. c3 Qd3 23. f3 Na5 24. Be1 Nc4 25. Qf2 Qe3 26. f4 1/2-1/2

[Event "Hessen-ch U16"]
[Site "Bad Homburg"]
[Date "2005.??.??"]
[Round "6"]
[White "Kessler, Paul"]
[Black "Khasin, Daniel"]
[Result "1-0"]
[WhiteElo "1744"]
[BlackElo "1459"]
[PlyCount "61"]
[EventDate "2005.04.??"]
[EventType "swiss"]
[EventRounds "8"]
[EventCountry "GER"]
[SourceTitle "EXT 2007"]
[Source "ChessBase"]
[SourceDate "2006.11.23"]
[SourceVersion "1"]
[SourceVersionDate "2006.11.23"]
[SourceQuality "1"]

1. e4 e5 2. Nf3 Nc6 3. Bb5 Bc5 4. 0-0 Nd4 5. Nxd4 Bxd4 6. c3 Bb6 7. d4 c6 8. Ba4 d6 9. Na3 Bc7 10. Nc2 Nf6 11. Re1 0-0 12. Bg5 Qe7 13. Qd3 Bd8 14. Rad1 b5 15. Bb3 a5 16. Ne3 Qe8 17. Re2 Ba6 18. dxe5 dxe5 19. Bxf6 Bxf6 20. Ng4 Bd8 21. Qg3 a4 22. Nh6+ Kh8 23. Nxf7+ Rxf7 24. Bxf7 Qxf7 25. Qxe5 Bc7 26. Qc5 Bb7 27. Red2 Rc8 28. Rd7 Qf6 29. e5 Bxe5 30. Rxb7 Qf5 31. g3 1-0

[Event "Hessen-ch U16"]
[Site "Bad Homburg"]
[Date "2005.??.??"]
[Round "1"]
[White "Khasin, Daniel"]
[Black "Lueders, Morten"]
[Result "0-1"]
[WhiteElo "1459"]
[BlackElo "1747"]
[PlyCount "82"]
[EventDate "2005.04.??"]
[EventType "swiss"]
[EventRounds "8"]
[EventCountry "GER"]
[SourceTitle "EXT 2007"]
[Source "ChessBase"]
[SourceDate "2006.11.23"]
[SourceVersion "1"]
[SourceVersionDate "2006.11.23"]
[SourceQuality "1"]

1. e4 c5 2. Nf3 d6 3. d4 cxd4 4. Nxd4 Nf6 5. Nc3 a6 6. Bd3 e5 7. Nb3 Be7 8. 0-0 0-0 9. Bg5 Nbd7 10. Qd2 b5 11. Rad1 Bb7 12. f3 h6 13. Be3 Nb6 14. Na5 Qc7 15. Nxb7 Qxb7 16. b3 Rad8 17. Qf2 Nbd7 18. Ne2 d5 19. exd5 Nxd5 20. Kh1 Nxe3 21. Qxe3 Bc5 22. Qe4 Qxe4 23. Bxe4 Nf6 24. Bd3 Nd5 25. Ra1 Ne3 26. Rfc1 Ba3 27. Re1 Rc8 28. Ng3 Nxc2 29. Bxc2 Rxc2 30. Rad1 f6 31. Re2 Rfc8 32. Kg1 Rxe2 33. Nxe2 Rc2 34. Kf1 Rxa2 35. Rd8+ Kf7 36. Ra8 Bc5 37. Nc3 Rf2+ 38. Ke1 Rxg2 39. Ne4 Bb4+ 40. Kf1 Rb2 41. Rxa6 Rxb3 0-1

[Event "Hessen-ch U16"]
[Site "Bad Homburg"]
[Date "2005.??.??"]
[Round "8"]
[White "Khasin, Daniel"]
[Black "Specht, Thomas"]
[Result "1/2-1/2"]
[WhiteElo "1459"]
[BlackElo "1460"]
[PlyCount "33"]
[EventDate "2005.04.??"]
[EventType "swiss"]
[EventRounds "8"]
[EventCountry "GER"]
[SourceTitle "EXT 2007"]
[Source "ChessBase"]
[SourceDate "2006.11.23"]
[SourceVersion "1"]
[SourceVersionDate "2006.11.23"]
[SourceQuality "1"]

1. e4 c5 2. Nc3 d6 3. g3 Nf6 4. f4 Nc6 5. Bg2 Bg4 6. Nf3 Nd4 7. 0-0 e6 8. d3 Be7 9. Be3 Bxf3 10. Bxf3 Nxf3+ 11. Qxf3 Nd7 12. f5 Ne5 13. Qh5 exf5 14. Qxf5 Qc8 15. Qf2 0-0 16. Nd5 Qd7 17. Nxe7+ 1/2-1/2